Welcome to the Holygrace Academy Library

Please use search bar below to get started

KANAKKILE KALIKAL (Record no. 8978)

MARC details
000 -LEADER
fixed length control field 00302nam a22001337a 4500
082 ## - DEWEY DECIMAL CLASSIFICATION NUMBER
Classification number 894.812
Item number LAS/K
100 ## - MAIN ENTRY--AUTHOR NAME
Personal name LASHIN, N
245 ## - TITLE STATEMENT
Title KANAKKILE KALIKAL
246 ## - VARYING FORM OF TITLE
Title proper/short title KANAKKILE KALIKAL
Remainder of title KANAKKILE KALIKAL
260 ## - PUBLICATION, DISTRIBUTION, ETC. (IMPRINT)
Place of publication THRISSUR
Name of publisher H& C
Year of publication 2007
300 ## - PHYSICAL DESCRIPTION
Number of Pages 80
650 ## - SUBJECT ADDED ENTRY--TOPICAL TERM
Topical Term MALAYALAM G K
942 ## - ADDED ENTRY ELEMENTS (KOHA)
Koha item type Books
Holdings
Withdrawn status Lost status Collection code Home library Current library Shelving location Date acquired Source of acquisition Cost, normal purchase price Full call number Accession Number Koha item type
    G.K Main Library Main Library SHELF 6 B MALAYALAM QUIZ,RIDDLES,HUMOUR,PAZHAMCHOLLUKAL 21/03/2015 PURCHASED 10.00 894.812 LAS/K 06238 Books
    G.K Main Library Main Library SHELF 6 B MALAYALAM QUIZ,RIDDLES,HUMOUR,PAZHAMCHOLLUKAL 21/03/2015 PURCHASED 10.00 894.812 LAS/K 06235 Books
      Main Library Main Library SHELF 6 B MALAYALAM QUIZ,RIDDLES,HUMOUR,PAZHAMCHOLLUKAL 02/12/2024 PURCHASED 10.00 894.812 LAS/K 06237 Books